000
00306nam a22001337a 4500
008
170609b xxu||||| |||| 00| 0 eng d
020
_a
08226303056
041
_a
eng
080
_a
327
100
_a
19
101
_a
SHP
245
_a
POLLUTION AND INTERNATIONAL BOUNDARIES
_c
UTTON, A.E
942
_2
udc
_c
BK
999
_c
16786
_d
16786